गीत-1; मोरिया आच्छो बाल्यो रे (भाग-1) (Record no. 46460)

MARC details
000 -LEADER
fixed length control field 01399nam a22003497a 4500
005 - DATE AND TIME OF LATEST TRANSACTION
control field 20100917135459.0
007 - PHYSICAL DESCRIPTION FIXED FIELD--GENERAL INFORMATION
fixed length control field sd ammalaaahaa
008 - FIXED-LENGTH DATA ELEMENTS--GENERAL INFORMATION
fixed length control field 100904t xxu||||| |||| 00| 0 hin d
028 ## - PUBLISHER NUMBER
Publisher number S/BRALP.1001
Source व्रजवासी कार्डस
028 ## - PUBLISHER NUMBER
Publisher number 2YJE.1187
Source व्रजवासी कार्डस
028 ## - PUBLISHER NUMBER
Publisher number 2YJE.1188
Source व्रजवासी कार्डस
035 ## - SYSTEM CONTROL NUMBER
System control number GR-03098
040 ## - CATALOGING SOURCE
Original cataloging agency SED/VEN
100 ## - MAIN ENTRY--PERSONAL NAME
9 (RLIN) 1184
Personal name बाबूलाल
245 ## - TITLE STATEMENT
Title गीत-1; मोरिया आच्छो बाल्यो रे (भाग-1)
Remainder of title मारवाड़ी गीत /
Statement of responsibility, etc बाबूलाल
Medium [Sound Recording] :
246 ## - VARYING FORM OF TITLE
Title proper/short title Moria Aachio Balyo Re (Babulal)
250 ## - EDITION STATEMENT
Edition statement P-1979
260 ## - PUBLICATION, DISTRIBUTION, ETC. (IMPRINT)
Place of publication, distribution, etc Dum Dum, India
Name of publisher, distributor, etc व्रजवासी कार्डस
300 ## - PHYSICAL DESCRIPTION
Extent 1 sound disc [Gramophone Recording] :
Other physical details analog, 33 1/3 rpm ;
Dimensions 12 in. [LP]
Type of unit Gramophone Records
500 ## - GENERAL NOTE
General note Brief Records
500 ## - GENERAL NOTE
General note Record Labels: व्रजवासी कार्डस, पीला
505 ## - FORMATTED CONTENTS NOTE
Formatted contents note म्हाने भंवर सा परि खिंदादो (भाग-2)
600 ## - SUBJECT ADDED ENTRY--PERSONAL NAME
9 (RLIN) 20259
Personal name बाबूलाल
610 ## - SUBJECT ADDED ENTRY--CORPORATE NAME
9 (RLIN) 20322
650 ## - SUBJECT ADDED ENTRY--TOPICAL TERM
Topical term or geographic name as entry element Classical Music
General subdivision Excerpts
Geographic subdivision India
9 (RLIN) 18309
700 ## - ADDED ENTRY--PERSONAL NAME
9 (RLIN) 18319
700 ## - ADDED ENTRY--PERSONAL NAME
9 (RLIN) 18320
700 ## - ADDED ENTRY--PERSONAL NAME
9 (RLIN) 20323
700 ## - ADDED ENTRY--PERSONAL NAME
9 (RLIN) 20456
700 ## - ADDED ENTRY--PERSONAL NAME
9 (RLIN) 20457
942 ## - ADDED ENTRY ELEMENTS (KOHA)
Source of classification or shelving scheme Dewey Decimal Classification
Item type Gramaphone Records

No items available.


© Delhi Public Library
Hit Counter
free hit counter